|
|
|
|
| LEADER |
00000nas a2200000 a 4500 |
| 001 |
ssj0002318 |
| 003 |
WaSeSS |
| 005 |
20200512172242.0 |
| 006 |
m d |
| 007 |
cr n |
| 008 |
811021d19812002cauar p s 0 a0eng c |
| 010 |
|
|
|a 92640147
|z sn 82020870
|
| 016 |
7 |
|
|a 010492784
|2 Uk
|
| 022 |
|
|
|l 0888-5621
|y 0888-5621
|
| 035 |
|
|
|a (WaSeSS)ssj0002318
|
| 037 |
|
|
|b Center for Women and Religion, 2465 LeConte Ave., Berkeley, Calif. 94709
|
| 040 |
|
|
|a VYN
|b eng
|c VYN
|d NST
|d NSD
|d IUL
|d DLC
|d HUL
|d NSD
|d NST
|d DLC
|d NST
|d DLC
|d NST
|d NSD
|d GUA
|d SYS
|d OCLCQ
|d HNK
|d BWE
|d U9S
|d OCLCQ
|d UKMGB
|d OCLCQ
|d OCLCF
|d OCLCO
|d XFH
|d OCLCQ
|d WaSeSS
|
| 042 |
|
|
|a pcc
|a nsdp
|
| 050 |
0 |
0 |
|a BL458
|b .J68
|
| 050 |
1 |
4 |
|a HQ1394
|b .J66
|
| 082 |
0 |
0 |
|a 291.2/082
|2 20
|
| 210 |
0 |
|
|a J. women relig.
|
| 222 |
|
0 |
|a Journal of women and religion
|
| 245 |
0 |
0 |
|a Journal of women and religion
|h [electronic resource].
|
| 260 |
|
|
|a Berkeley, Calif. :
|b Center for Women and Religion of the Graduate Theological Union,
|c ©1981-
|
| 310 |
|
|
|a Annual,
|b 1987-
|
| 321 |
|
|
|a Semiannual (irregular)
|
| 362 |
0 |
|
|a Vol. 1, no. 1 (spring 1981)-v. 19 and 20 (2001 and 2002).
|
| 500 |
|
|
|a Title from cover.
|
| 500 |
|
|
|a Some issues have also a distinctive title.
|
| 506 |
|
|
|a License restrictions may limit access.
|
| 515 |
|
|
|a Some issues combined.
|
| 650 |
|
0 |
|a Women and religion
|v Periodicals.
|
| 650 |
|
6 |
|a Femmes et religion
|v Périodiques.
|
| 650 |
|
7 |
|a Women and religion.
|2 fast
|0 (OCoLC)fst01177110
|
| 655 |
|
0 |
|a Electronic journals.
|
| 710 |
2 |
|
|a Graduate Theological Union.
|b Center for Women and Religion.
|
| 780 |
0 |
0 |
|t Newsletter (Graduate Theological Union. Center for Women and Religion)
|w (DLC)sc 87020024
|w (OCoLC)3949060
|
| 850 |
|
|
|a CaOLU
|a CoU
|a CtY-D
|a DLC
|a GU
|a InU
|a MChB
|a MH-AH
|a MoSU
|a NN
|a NNUT
|a NcD
|a TxDaM-P
|
| 853 |
1 |
3 |
|8 1
|a v.
|b no.
|u 02
|v r
|i (year/year)
|j (season)
|
| 856 |
4 |
0 |
|z Full text available from Research Library: 01/01/1995 to 01/31/2001
|u https://search.proquest.com/publication/30744
|
| 863 |
4 |
0 |
|8 1
|a <1>
|b <2>
|i <1981 >
|x provisional
|